00621cam a22002171 4500001001300000003000400013005001700017008004100034010001700075035002000092040001800112042001200130050001600142100003000158245004700188260003200235300003500267610003300302651005100335999001700386sa 65007190 DLC20260227112148.0890913s1964 io 000 0 ind  asa 65007190  a(OCoLC)23537015 aDLCcMiUdDLC apremarc00aDS644b.Y261 aYani, Achmad,d1922-1965.10aT. N. I. membina revolusic[oleh] A. Yani. aDjakarta,bDelegasic[1964] a123 p.billus., ports.c20 cm.10aIndonesia.bAngkatan Perang. 0aIndonesiaxPolitics and governmenty1950-1966. c65109d65109